活石舊約聖經註釋 = Huo shi jiu yue sheng jing zhu shi = Believer's Bible commentary, Old Testament {ch} / (Record no. 28582)
[ view plain ]
| 000 -LEADER | |
|---|---|
| fixed length control field | 00872nam a2200229 4500 |
| 005 - DATE AND TIME OF LATEST TRANSACTION | |
| control field | 20240930150203.0 |
| 008 - FIXED-LENGTH DATA ELEMENTS--GENERAL INFORMATION | |
| fixed length control field | 070216s2003 hk chi |
| 020 ## - INTERNATIONAL STANDARD BOOK NUMBER | |
| International Standard Book Number | 9628385186 (vol. 1) : |
| Terms of availability | HK160/128 |
| 020 ## - INTERNATIONAL STANDARD BOOK NUMBER | |
| International Standard Book Number | 9628385194 (vol. 3) : |
| Terms of availability | HK100/80 |
| 020 ## - INTERNATIONAL STANDARD BOOK NUMBER | |
| International Standard Book Number | 9628385291 (vol. 2) : |
| Terms of availability | HK150/120 |
| 040 ## - CATALOGING SOURCE | |
| Original cataloging agency | BSOP |
| 090 ## - LOCALLY ASSIGNED LC-TYPE CALL NUMBER (OCLC); LOCAL CALL NUMBER (OCLC) | |
| Classification number (OCLC) (R) ; Classification number, CALL (RLIN) (NR) | BS1158.C5 |
| Local cutter number (OCLC) ; Book number/undivided call number, CALL (RLIN) | M14b |
| 100 1# - MAIN ENTRY--PERSONAL NAME | |
| Personal name | MacDonald, William |
| 245 10 - TITLE STATEMENT | |
| Title | 活石舊約聖經註釋 = Huo shi jiu yue sheng jing zhu shi = Believer's Bible commentary, Old Testament {ch} / |
| Statement of responsibility, etc | William MacDonald. |
| 250 ## - EDITION STATEMENT | |
| Edition statement | Traditional Chinese ed. |
| 260 ## - PUBLICATION, DISTRIBUTION, ETC. (IMPRINT) | |
| Place of publication, distribution, etc | Kowloon, Hong Kong : |
| Name of publisher, distributor, etc | Living Stone Bookshop Ltd., |
| Date of publication, distribution, etc | c2003. |
| 300 ## - PHYSICAL DESCRIPTION | |
| Extent | 3 volumes. |
| 505 0# - FORMATTED CONTENTS NOTE | |
| Formatted contents note | vol. 1- Pentateuch and history books. -- vol. 2 -Poetic books. --vol. 3 -Major and minor prophets |
| 630 04 - SUBJECT ADDED ENTRY--UNIFORM TITLE | |
| Uniform title | Bible. O.T. |
| General subdivision | Commentaries {ch}. |
| 951 ## - EQUIVALENCE OR CROSS-REFERENCE-GEOGRAPHIC NAME/AREA NAME [OBSOLETE] [CAN/MARC only] | |
| General subdivision | 00034421 |
| 942 ## - ADDED ENTRY ELEMENTS (KOHA) | |
| Source of classification or shelving scheme | Library of Congress Classification |
| Withdrawn status | Lost status | Source of classification or shelving scheme | Damaged status | Not for loan | Home library | Current library | Shelving location | Date acquired | Serial Enumeration / chronology | Inventory number | Shelving control number | Total Checkouts | Full call number | Barcode | Date last seen | Price effective from | Koha item type | Date last borrowed |
|---|---|---|---|---|---|---|---|---|---|---|---|---|---|---|---|---|---|---|
| Library of Congress Classification | BSOP Library | BSOP Library | Reference Chinese | 12/21/2000 | I | C-8167 | 127 | BS1158.C5 M14b | 00034421 | 02/23/2013 | 02/23/2013 | Books | ||||||
| Library of Congress Classification | BSOP Library | BSOP Library | Reference Chinese | 12/21/2000 | II | C-8168 | 127 | 1 | BS1158.C5 M14b | 00034422 | 04/22/2019 | 02/23/2013 | Books | 04/17/2019 | ||||
| Library of Congress Classification | BSOP Library | BSOP Library | Reference Chinese | 12/21/2000 | III | C-8169 | 127 | BS1158.C5 M14b | 00034423 | 02/23/2013 | 02/23/2013 | Books |
